00307nam a2200121Ia 4500008004100000100005200041245002200093260002500115300000900140650001200149942000700161999001700168190216s9999||||xx |||||||||||||| ||und|| aEkambaranatha Ayyer M & Ananthakrishnan T N 0aManual Of Zoology bS Vishwanathanc1977 a767p aZoology cBK c37359d37359